Raíces profundas: principios básicos de la terapia y de la hipnosis de Milton Erickson
Saved in:
| Main Author: | |
|---|---|
| Format: | Book |
| Language: | Spanish |
| Published: |
Barcelona
Paidos
1993
|
| Series: | Paidos Terapia Familiar, 25
|
| Subjects: | |
| Tags: |
Add Tag
No Tags, Be the first to tag this record!
|
MARC
| LEADER | 00000nam a2200000 a 4500 | ||
|---|---|---|---|
| 001 | UCZ5545 | ||
| 003 | CL-VaPUC | ||
| 008 | 951123e19930000SP |||||||||||||||||spa|d | ||
| 082 | 0 | 4 | |a 615.891 |b HUD |2 21 |
| 100 | |a O'Hanlon, William Hudson |e author |9 375319 | ||
| 245 | 1 | 0 | |a Raíces profundas: principios básicos de la terapia y de la hipnosis de Milton Erickson |
| 300 | |a 190 p | ||
| 942 | |c BK | ||
| 945 | |d 19951123 00:00:00 |a rleighto | ||
| 260 | |a Barcelona |b Paidos |c 1993 | ||
| 650 | 0 | |a Terapia |9 334442 | |
| 650 | 0 | |a Hipnosis |9 334258 | |
| 650 | 7 | |a HIPNOTERAPIA |2 CL-VaPUC |9 336275 | |
| 650 | 7 | |a PSICOTERAPIA |2 CL-VaPUC |9 349621 | |
| 583 | |a last modification |c 19951123 00:00:00 |k Rodrigo Vera | ||
| 490 | 0 | |a Paidos Terapia Familiar, 25 | |
| 999 | |c 241843 |d 241841 | ||
| 952 | |0 0 |1 0 |4 0 |6 615_891000000000000_HUD_1993 |7 0 |8 P |9 254350 |a BIBEDU |b BIBEDU |d 2019-11-19 |i 3154548 |l 1 |o 615.891 HUD 1993 |p 3154548 |r 2022-04-11 |s 2022-04-04 |w 2019-11-19 |y BK |k EDU | ||